000 00422nam a22001697a 4500
005 20160518123826.0
008 160518b xxu||||| |||| 00| 0 eng d
020 _a0-07-044555-9
041 _aeng
082 _b2920
100 _aSharma R.C. & Mohan Krishna
_9751
245 _aBusiness Correspondence & Report Writing
260 _aNew Delhi
_bTMH,
_c2004
300 _a431
650 _aManagement
_9241
942 _cBK
999 _c1020
_d1020